00385nam a2200133Ia 4500008004100000082001500041100001700056245002300073260001800096600001500114942000700129952009800136999001700234241002s9999 xx 000 0 und d a808.85 RUS aRuskin, John 0aSesame And lilifes aLondon:c1933 aLiterature cUC 00104070aUITUbUITUd1994-01-01l0o808.85 RUSpUC583r2024-10-02 09:31:24w2024-10-02yUC c18910d18910